Physical Science: what the technology professionsl needs to know (Record no. 5414)

MARC details
000 -LEADER
fixed length control field 00580nam a22002057a 4500
003 - CONTROL NUMBER IDENTIFIER
control field OSt
005 - DATE AND TIME OF LATEST TRANSACTION
control field 20161130133150.0
008 - FIXED-LENGTH DATA ELEMENTS--GENERAL INFORMATION
fixed length control field 161130b xxu||||| |||| 00| 0 eng d
020 ## - INTERNATIONAL STANDARD BOOK NUMBER
International Standard Book Number 047136018X
040 ## - CATALOGING SOURCE
Transcribing agency DDC
082 ## - DEWEY DECIMAL CLASSIFICATION NUMBER
Classification number 500.2 ENL 2001
100 ## - MAIN ENTRY--PERSONAL NAME
Personal name Enloe, C. Lon [et...al]
9 (RLIN) 11319
245 ## - TITLE STATEMENT
Title Physical Science: what the technology professionsl needs to know
260 ## - PUBLICATION, DISTRIBUTION, ETC. (IMPRINT)
Place of publication, distribution, etc. New York; John Wiley, 2001
300 ## - PHYSICAL DESCRIPTION
Extent xiii,541p; ill: 28cm
504 ## - BIBLIOGRAPHY, ETC. NOTE
Bibliography, etc Glossary, & index included
650 ## - SUBJECT ADDED ENTRY--TOPICAL TERM
Topical term or geographic name as entry element Physical Science
9 (RLIN) 11265
650 ## - SUBJECT ADDED ENTRY--TOPICAL TERM
Topical term or geographic name as entry element Technology
9 (RLIN) 1144
942 ## - ADDED ENTRY ELEMENTS (KOHA)
Source of classification or shelving scheme Other/Generic Classification Scheme
Koha item type Open Shelf
Holdings
Withdrawn status Lost status Source of classification or shelving scheme Damaged status Not for loan Home library Current library Date acquired Source of acquisition Inventory number Total Checkouts Full call number Barcode Date last seen Koha item type Price effective from
    Dewey Decimal Classification     MUST Main Library MUST Main Library 30/11/2016   05/23980   500.2 ENL 2001 2016-4969 30/11/2016 Open Shelf  
    Dewey Decimal Classification     MUST Main Library MUST Main Library 12/04/2017   05/23978   500.2 ENL 2001 2017-0807 12/04/2017 Open Shelf 12/04/2017
    Dewey Decimal Classification     MUST Main Library MUST Main Library 03/03/2022 Purchase 05/23979   500.2 ENL 2001 2022-0402 03/03/2022 Open Shelf 03/03/2022